El servicio al prójimo en peligro

Furkejuvvon:
Bibliográfalaš dieđut
Váldodahkki: Guardini, Romano (Dahkki)
Materiálatiipa: Girji
Giella:espánnjágiella
Almmustuhtton: Madrid Guadarrama 1960
Fáttát:
Fáddágilkorat: Lasit fáddágilkoriid
Eai fáddágilkorat, Lasit vuosttaš fáddágilkora!

MARC

LEADER 00000nam a2200000 a 4500
001 UCZ0838
003 CL-VaPUC
008 950810e19600000SP |||||||||||||||||spa|d
082 0 4 |a 248.4  |b GUA  |2 21 
100 0 |a Guardini, Romano  |e author  |9 341352 
245 1 3 |a El servicio al prójimo en peligro 
300 |a 29 p 
942 |c BK 
945 |d 19950810 00:00:00  |a aalvarez 
260 |a Madrid  |b Guadarrama  |c 1960 
650 0 |a Cristianismo  |9 257361 
650 0 |a Espiritualidad   |9 267331 
583 |a last modification  |c 19950810 00:00:00  |k Rodrigo Vera 
999 |c 237733  |d 237731 
952 |0 0  |1 0  |4 0  |6 248_400000000000000_GUA_1960  |7 0  |8 A  |9 247389  |a BIBEDU  |b BIBEDU  |d 2019-11-18  |i 3115909  |o 248.4 GUA 1960  |p 3115909  |r 2019-11-18  |w 2019-11-18  |y BK  |k FIL